[Event "Tri-Cities Open"]
[Site "Richland, WA"]
[Date "2013.11.09"]
[Round "2"]
[White "Evered Cole  (OR)"]
[Black "Julian John  (WA)"]
[Result "0-1"]
[WhiteElo "1255"]
[BlackElo "2065"]
[Annotator ""]
[Source ""]
[Remark ""]

1.e4 e6 2.d4 d5 3.exd5 exd5 4.Nc3 Bb4 5.Bd2 Ne7 6.Nf3 Bg4 7.Bd3
Nbc6 8.Ne2 Bd6 9.c3 f6 10.Nf4 g5 11.Ne2 Qd7 12.Qc2 Bh5 13.Ng3
Bg6 14.O-O-O O-O-O 15.h4 g4 16.Nh2 Bxd3 17.Qxd3 h5 18.Ne2 Nf5
19.g3 Nce7 20.Rhf1 Nxh4 21.gxh4 Bxh2 22.f4 Nf5 23.Be1 Rhg8 24.Ng3
Bxg3 25.Bxg3 Rde8 26.Rde1 Kd8 27.Kd2 Rxe1 28.Rxe1 Re8 29.Rxe8+
Kxe8 30.Bf2 c6 31.b3 Qe6 32.c4 Qe4 33.Qxe4+ dxe4 34.b4 g3 35.Bg1
Nxh4 36.Ke3 Nf3 37.Ke2 Nxg1+ 38.Kf1 Nf3 39.Kg2 h4 40.d5 cxd5
41.cxd5 Ne1+ 42.Kf1 h3 43.Kxe1 h2 0-1

[Event "Tri-Cities Open"]
[Site "Richland, WA"]
[Date "2013.11.09"]
[Round "2"]
[White "Fabian Steve  (WA)"]
[Black "Estolas Brendyn  (CA)"]
[Result "1/2-1/2"]
[WhiteElo "1769"]
[BlackElo "1901"]
[Annotator ""]
[Source ""]
[Remark ""]

1.e4 c5 2.Nf3 a6 3.d4 cxd4 4.Nxd4 Nf6 5.Nc3 e5 6.Nb3 Bb4 7.Be2
Nc6 8.Bg5 h6 9.Bxf6 Bxc3+ 10.bxc3 Qxf6 11.a4 O-O 12.O-O d6 13.Qd3
Rd8 14.f3 Be6 15.c4 Rac8 16.c3 g5 17.Qe3 Qe7 18.Rab1 Qc7 19.h4
f6 20.Rfd1 Qf7 21.hxg5 hxg5 22.Nd2 Na5 23.Rb6 Qe7 24.Rdb1 Rc5
25.Nb3 Nxb3 26.R1xb3 Rc7 27.R3b4 Rdd7 28.Qd2 a5 29.R4b5 Rc5 30.Qb2
Rcc7 31.Rxa5 Qf7 32.Qb4 Bxc4 33.Ra8+ Kg7 34.Kf2 Bxe2 35.Kxe2
Qc4+ 36.Qxc4 Rxc4 37.Kd2 Rcc7 38.Kd3 d5 39.exd5 Rxd5+ 40.Ke4
Rdd7 41.Kf5 Rc4 42.Ra7 Re7 43.g3 Rec7 44.Rxf6 Rxc3 45.Kxg5 e4
46.Rg6+ Kf7 47.Rf6+ Kg7 48.Rg6+ Kf7 49.Rf6+ Kg7 1/2-1/2

[Event "Tri-Cities Open"]
[Site "Richland, WA"]
[Date "2013.11.09"]
[Round "2"]
[White "Richards Jerrold  (WA)"]
[Black "Mathews Dan  (WA)"]
[Result "0-1"]
[WhiteElo "1306"]
[BlackElo "1750"]
[Annotator ""]
[Source ""]
[Remark ""]

1.c4 e5 2.g3 Nf6 3.Bg2 Be7 4.Nc3 O-O 5.d3 c6 6.Nf3 d6 7.O-O Nbd7
8.Bg5 h6 9.Bd2 Nc5 ( 9...Re8 10.Ne1 a5 11.a4 Nc5 12.Nc2 Bg4 13.f3
Be6 14.Be3 d5 15.cxd5 Nxd5 16.Nxd5 Bxd5 17.Bxc5 Bxc5+ 18.Kh1
Qb6 19.Qc1 Bd4 20.Nxd4 exd4 21.Rf2 Re7 22.f4 Bxg2+ 23.Kxg2 Rae8
24.Qc2 Qd8 25.b3 Qd5+ 26.Kg1 h5 27.Ra2 h4 28.Rb2 hxg3 29.hxg3
Re3 30.Rg2 Qh5 31.Qd1 Qg4 32.Kf2 b6 33.Rc2 c5 34.Qf1 R8e6 35.Rb2
g5 36.Kg1 Rxg3 37.Rxg3 Qxg3+ 38.Qg2 Qe3+ 39.Kf1 Qxf4+ {0-1, Gobbetto J 1765 - Valette Christian (FRA) 2101, Angers (France) 2007.04.13}
) 10.b4 Ne6 11.a3 Nh7 12.e3 Nhg5 13.d4 Nxf3+ 14.Bxf3 exd4 15.exd4
Bg5 16.Ne4 Bxd2 17.Nxd2 Ng5 18.Bg2 Bh3 19.Qh5 Bxg2 20.Kxg2 Qf6
21.Qh4 Nh7 22.Qxf6 Nxf6 23.Rae1 Rfe8 24.f3 d5 25.Kf2 dxc4 26.Nxc4
Red8 27.Ke3 b6 28.Rd1 Rac8 29.Rc1 c5 30.dxc5 bxc5 31.Ke2 cxb4
32.axb4 Rd4 33.Ne3 Rxc1 34.Rxc1 Rxb4 35.Rc8+ Kh7 36.Rc7 Rb2+
37.Kd3 Kg6 38.Rxa7 Rxh2 39.Ra6 Rf2 40.f4 Rf3 41.f5+ Kg5 42.Ra7
Ng4 43.Re7 Rxe3+ 44.Rxe3 Nxe3 45.Kxe3 Kxf5 46.Kf3 Kg5 47.Kg2
Kg4 48.Kh2 h5 49.Kg2 h4 50.gxh4 Kxh4 51.Kh2 g5 52.Kg2 f5 53.Kh2
g4 54.Kh1 Kg3 55.Kg1 f4 56.Kh1 Kf2 57.Kh2 g3+ 0-1

[Event "Tri-Cities Open"]
[Site "Richland, WA"]
[Date "2013.11.09"]
[Round "2"]
[White "Ortolano Alden  (WA)"]
[Black "Falbo Clement  (OR)"]
[Result "1-0"]
[WhiteElo "972"]
[BlackElo "1500"]
[Annotator ""]
[Source ""]
[Remark ""]

1.e4 c5 2.Nc3 Nc6 3.f4 e6 4.Nf3 Be7 5.d4 cxd4 6.Nxd4 Nf6 7.Ndb5
O-O 8.e5 Ne8 9.Ne4 a6 10.Nbd6 Qc7 11.Be3 Nb4 12.c3 Nd5 13.Bc1
Nxd6 14.Nxd6 Bxd6 15.exd6 Qb6 16.c4 Ne3 17.Qd3 Nxf1 18.Qxf1 Qxd6
19.Bd2 Qb6 20.Bc3 Qe3+ 21.Qe2 Qxf4 22.g3 Qf5 23.Rf1 Qc5 24.a3
Qc6 25.Qg4 g6 26.Qd4 f6 27.Rxf6 Qh1+ 28.Ke2 Qxh2+ 29.Kd1 Qh1+
30.Kc2 Qg2+ 31.Kb3 d5 32.Rxf8+ Kxf8 33.Qf6+ Ke8 34.Bb4 Qxg3+
35.Ka2 Qc7 36.Qf8+ Kd7 37.Qe7+ Kc6 38.cxd5+ exd5 39.Rc1+ Kb5
40.Qxc7 a5 41.Rc5+ Ka6 42.Qxa5# 1-0

[Event "Tri-Cities Open"]
[Site "Richland, WA"]
[Date "2013.11.09"]
[Round "2"]
[White "Beverly Jacob  (OR)"]
[Black "Shoemaker Donald  (WA)"]
[Result "1-0"]
[WhiteElo "1432"]
[BlackElo "1419"]
[Annotator ""]
[Source ""]
[Remark ""]

1.f4 d5 2.e3 Nf6 3.Nf3 Nc6 4.b3 Bf5 5.Bb2 Nb4 6.Nd4 Be4 7.a3
Nc6 8.d3 Nxd4 9.Bxd4 Bf5 10.Be2 h6 11.Bxf6 exf6 12.O-O Bc5 13.d4
Bb6 14.c4 Be4 15.c5 Bxc5 16.dxc5 O-O 17.Bf3 Re8 18.Nd2 Bd3 19.Re1
c6 20.b4 a6 21.Nb3 Bh7 22.Nd4 Re7 23.f5 g6 24.fxg6 fxg6 25.Qb3
Kg7 26.Rad1 Bg8 27.Qd3 Qe8 28.e4 Rd8 29.Kf2 Re5 30.exd5 Bxd5
31.Rxe5 fxe5 32.Re1 Rd7 33.Qe3 Re7 34.Bxd5 cxd5 35.Nf3 e4 36.Nd4
Qf7+ 37.Kg1 Qf6 38.a4 Rc7 39.Ne2 Qb2 40.Qd4+ Qxd4+ 41.Nxd4 Re7
42.b5 a5 43.c6 e3 44.cxb7 Rxb7 45.Rxe3 Rb6 46.Nc6 Rb7 47.Re7+
Rxe7 48.Nxe7 Kf6 49.Nxd5+ Ke6 50.b6 Kxd5 51.b7 h5 52.b8Q g5 53.Qb5+
Ke4 54.Qxa5 Kf4 55.Qb4+ Kf5 56.a5 h4 57.a6 Kg6 58.a7 Kh5 59.h3
Kg6 60.a8Q g4 61.Qd6+ 1-0

[Event "Tri-Cities Open"]
[Site "Richland, WA"]
[Date "2013.11.09"]
[Round "2"]
[White "Erickson Mark  (WA)"]
[Black "Allen Robert  (WA)"]
[Result "1-0"]
[WhiteElo "2147"]
[BlackElo "1752"]
[Annotator ""]
[Source ""]
[Remark ""]

1.d4 Nf6 2.c4 g6 3.g3 Bg7 4.Bg2 d5 5.Nf3 O-O 6.O-O Re8 7.Qb3
b6 8.Nc3 Bb7 9.Bg5 c6 10.Ne5 e6 11.Rfd1 Qc7 12.Rac1 Nbd7 13.cxd5
exd5 14.Nb5 Qb8 15.Nxc6 Bxc6 16.Rxc6 Rxe2 17.Nc3 Re6 18.Nxd5
Rxc6 19.Ne7+ Kh8 20.Nxc6 Qd6 21.Ne5 Rf8 22.Nxf7+ Rxf7 23.Qxf7
Ng4 24.Be7 Qb8 25.Bh3 Ngf6 26.Be6 Qg8 27.Qxg8+ Nxg8 28.Bd6 Ngf6
29.Be5 h6 30.Rc1 g5 31.Rc8+ Kh7 32.Bf5# 1-0

[Event "Tri-Cities Open"]
[Site "Richland, WA"]
[Date "2013.11.09"]
[Round "3"]
[White "Mathews Dan  (WA)"]
[Black "Evered Cole  (OR)"]
[Result "1-0"]
[WhiteElo "1750"]
[BlackElo "1255"]
[Annotator ""]
[Source ""]
[Remark ""]

1.e4 c5 2.Nf3 Nc6 3.d4 cxd4 4.Nxd4 Nxd4 5.Qxd4 d6 6.Qa4+ Bd7
7.Bb5 Nf6 8.Nc3 g6 9.Bg5 Bg7 10.Bxf6 Bxf6 11.Qb3 O-O 12.Bxd7
Qxd7 13.Nd5 Bg7 14.O-O e6 15.Ne3 Rad8 16.Rad1 Qc6 17.f3 Bh6 18.Ng4
Bg5 19.Nf2 Qc5 20.Kh1 Be3 21.Ng4 Bg5 22.f4 Be7 23.f5 exf5 24.exf5
Bg5 25.Rd5 Qc6 26.f6 Bh4 27.Rdd1 Qe4 28.Nh6+ Kh8 29.Nxf7+ Rxf7
30.Qxf7 Rg8 31.Qd5 Qxd5 32.Rxd5 Rd8 33.g4 Bxf6 34.Rxf6 Kg7 35.Rfxd6
Rxd6 36.Rxd6 1-0

[Event "Tri-Cities Open"]
[Site "Richland, WA"]
[Date "2013.11.09"]
[Round "3"]
[White "Estolas Brendyn  (CA)"]
[Black "Ortolano Alden  (WA)"]
[Result "1-0"]
[WhiteElo "1901"]
[BlackElo "972"]
[Annotator ""]
[Source ""]
[Remark ""]

1.d4 Nf6 2.Nf3 g6 3.c4 Bg7 4.Bf4 O-O 5.e3 d6 6.h3 Bf5 7.Nc3 c6
8.Nh4 Bd7 9.Bd3 h6 10.Nf3 Re8 11.Qc2 d5 12.Bxg6 fxg6 13.Qxg6
e6 14.Bxh6 Qe7 15.g4 Rf8 16.g5 Be8 17.Qxg7+ Qxg7 18.Bxg7 Kxg7
19.gxf6+ Rxf6 20.Ne5 Nd7 21.f4 Nxe5 22.dxe5 Rg6 23.O-O-O Bf7
24.Rdg1 Rxg1+ 25.Rxg1+ Bg6 26.cxd5 cxd5 27.Nxd5 exd5 28.f5 Rc8+
29.Kd2 Re8 30.Rxg6+ Kh7 31.e6 b6 32.Kd3 a5 33.Kd4 b5 34.Kxd5
Rd8+ 35.Kc6 b4 36.e7 Re8 37.Kd7 b3 38.axb3 Rxe7+ 39.Kxe7 a4 40.Rg4
axb3 41.f6 Kh6 42.f7 Kh7 43.Ke8 Kh6 44.f8Q+ Kh7 45.Qg7# 1-0

[Event "Tri-Cities Open"]
[Site "Richland, WA"]
[Date "2013.11.09"]
[Round "3"]
[White "Allen Robert  (WA)"]
[Black "Beverly Jacob  (OR)"]
[Result "1-0"]
[WhiteElo "1752"]
[BlackElo "1432"]
[Annotator ""]
[Source ""]
[Remark ""]

1.d4 d5 2.c4 dxc4 3.Nc3 c6 4.a4 e6 5.e3 Bb4 6.Bxc4 Nf6 7.Bd2
O-O 8.Nf3 Bxc3 9.Bxc3 Re8 10.b3 Ne4 11.Bb2 Qa5+ 12.Nd2 Qxd2+
13.Qxd2 Nxd2 14.Kxd2 Nd7 15.Rhd1 Nf6 16.f3 e5 17.dxe5 Nd7 18.f4
Nc5 19.h3 Bf5 20.Rac1 Ne4+ 21.Ke2 h5 22.Kf3 h4 23.Bd3 Ng3 24.Bxf5
Nxf5 25.Rd7 Rab8 26.Rcd1 a6 27.Rc7 Rec8 28.Rdd7 Rxc7 29.Rxc7
Nh6 30.Bd4 a5 31.Ba7 Rd8 32.Rxb7 Rd3 33.Bd4 Rd1 34.Ra7 Nf5 35.Bc5
Rb1 36.Rxa5 Rxb3 37.Ra8+ Kh7 38.a5 Rc3 39.Bb6 c5 40.a6 Nxe3 41.Ke4
Nxg2 42.a7 Re3+ 43.Kd5 Nxf4+ 44.Kxc5 Ne6+ 45.Kd5 Ra3 46.Rb8 Nf4+
47.Kd4 Nxh3 48.a8Q Rxa8 49.Rxa8 g5 50.Ra4 g4 51.Ke4 g3 52.Kf3
Kg6 53.Kg4 Nf2+ 54.Bxf2 gxf2 55.Ra1 h3 56.Kxh3 Kf5 57.Kg3 Kxe5
58.Kxf2 Kf5 59.Kf3 Kf6 60.Kf4 Kg6 61.Ra6+ Kh5 62.Rf6 Kh4 63.Rh6# 1-0

[Event "Tri-Cities Open"]
[Site "Richland, WA"]
[Date "2013.11.10"]
[Round "4"]
[White "Fabian Steve  (WA)"]
[Black "Mitchell Mika  (WA)"]
[Result "1/2-1/2"]
[WhiteElo "1769"]
[BlackElo "1842"]
[Annotator ""]
[Source ""]
[Remark ""]

1.e4 d5 2.exd5 Nf6 3.d4 Nxd5 4.Be2 e6 5.Nf3 Bd6 6.O-O Nd7 7.Re1
O-O 8.c4 Nf4 9.Bf1 c6 10.Nc3 Ng6 11.g3 Be7 12.Bg2 Qc7 13.a3 b6
14.d5 exd5 15.cxd5 Nf6 16.dxc6 Be6 17.Nb5 Qd8 18.Nfd4 Bd5 19.Bh3
Bd6 20.Bg5 a6 21.Nc3 Be7 22.Rc1 Ra7 23.Bxf6 Bxf6 24.Nxd5 Qxd5
25.c7 Rxc7 26.Rxc7 Qxd4 27.Qc2 Qxb2 28.Qd3 Qd4 29.Qxa6 h6 30.Qa7
Qd6 31.Rec1 Ne5 32.Bg2 Qd4 33.Qb7 Nd3 34.Rf1 Qb2 35.Rxf7 Rd8
36.Rd7 Rxd7 37.Qxd7 Ne5 38.Qe8+ Kh7 39.Be4+ g6 40.Qa4 Qe2 41.Qa8
h5 42.Rc1 Bg7 43.Rc7 Ng4 44.Qf8 {?} Qe1+ 45.Kg2 Qxe4+ 1/2-1/2

[Event "Tri-Cities Open"]
[Site "Richland, WA"]
[Date "2013.11.10"]
[Round "4"]
[White "Cherepakhin Olga  (WA)"]
[Black "Havrilla Mark  (ID)"]
[Result "0-1"]
[WhiteElo "1599"]
[BlackElo "1946"]
[Annotator ""]
[Source ""]
[Remark ""]

1.e4 c6 2.d4 d5 3.exd5 cxd5 4.Bd3 Nc6 5.Ne2 Nb4 6.Bb5+ Bd7 7.Bxd7+
Qxd7 8.c3 Nc6 9.Bf4 e6 10.O-O Nf6 11.Nd2 Be7 12.Nf3 Nh5 13.Ne5
Qc8 14.Nxc6 Qxc6 15.Be5 Nf6 16.Nf4 O-O 17.Nh5 Nxh5 18.Qxh5 f6
19.Bg3 Bd6 20.Bxd6 Qxd6 21.Qg4 e5 22.Rfe1 e4 23.f3 f5 24.Qh4
Rf6 25.fxe4 dxe4 26.Rf1 f4 27.g3 Raf8 28.Rxf4 Rxf4 29.gxf4 Rxf4
30.Qg3 Qf6 31.Re1 Qf5 32.Qe3 Qg5+ 33.Kh1 Rf1+ 34.Rxf1 Qxe3 35.Kg2
Qg5+ 36.Kf2 Qd2+ 37.Kg3 Qxb2 38.Rf2 Qxc3+ 39.Kg2 Qxd4 40.Re2
b5 41.Kf1 e3 42.a3 Qd1+ 43.Re1 Qf3+ 44.Kg1 Qf2+ 0-1